LEADER 01636nam a2200313 i 4500 001 000000201060 003 CaOOAMICUS 005 20110428000000.0 008 110428s2010 fr u000 u fre u 013 $a179761 020 $a978-2-204-09194-7 040 $aSeMil$bita 245 13$aLa soeur-épouse :$bGenèse 12, 10-20 : [actes de la 1. Journée d'exégèse biblique, Strasbourg, 20 novembre 2008]. 260 $aParis :$bLes Éditions du Cerf,$c2010. 300 $a144 p. ;$c22 cm. 490 0 $aLectio divina [Cerf] ;$v237. 490 0 $aÉtudes d'histoire de l'exégès ;$v1 650 4$aBibbia. Antico Testamento. Genesi, 12, 10-20.$0(OLS)http://semarc/subject/37750 650 4$aBibbia. Antico Testamento. Genesi - Commentari, studi, critica, interpretazioni.$0(OLS)http://semarc/subject/344 650 4$aBibbia. Antico Testamento - Atti di congressi.$0(OLS)http://semarc/subject/37751 700 1 $aJournée d'exégèse biblique <1. ; 2008 ; Strasbourg>.$0(OLS)http://semarc/name/72675 830 0$aLectio divina ;$v237.$0(OLS)http://semarc/title/8 830 0$aÉtudes d'histoire de l'exégès ;$v1.$0(OLS)http://semarc/title/33395 850 $aSeMil 852 $aSeMil$W1$xVenegono$y1$m2WA K 240$j151589$B151589$CSeMilBibl$Z2$F163086 $81 961 $aSottoscrizione: SODIS 996 $6020$a978-2-204-09194-7$9(OLS)http://semarc/number/193678 996 $6245$aLa soeur-épouse :$bGenèse 12, 10-20 : [actes de la 1. Journée d'exégèse biblique, Strasbourg, 20 novembre 2008]$9(OLS)http://semarc/title/290896 996 $6260$aParis :$bLes Éditions du Cerf$9(OLS)http://semarc/publisher/29611 LEADER 01438nam a2200265 i 4500 001 000000224030 003 CaOOAMICUS 005 20131024000000.0 008 131024s1945 it u000 u ita u 013 $a202928 040 $aSeMil$bita 100 1 $aMariani, Bonaventura,$c.$0(OLS)http://semarc/name/10235 245 10$aDanel :$b"il patriarca sapiente" nella Bibbia, nella tradizione, nella leggenda /$cBonaventura Mariani. 260 $aRomae :$bapud Pontificium Athenaeum Antonianum,$c1945. 300 $aXXXI, 382 p., [1] p. di tav. ;$c25 cm. 490 0 $aSpicilegium Pontificii Athenaei Antoniani ;$v3 500 $aIn mezzo al front : Con due appendici su poemi ugaritici ed una tavola fuori testo. 650 4$aBibbia. Antico Testamento. Ezechiele 1-7.$0(OLS)http://semarc/subject/40961 650 4$aBibbia. Antico Testamento. Ezechiele 28,3.$0(OLS)http://semarc/subject/40962 650 4$aBibbia. Antico Testamento. Ezechiele - Danel.$0(OLS)http://semarc/subject/40963 830 0$aSpicilegium Pontificii Athenaei Antoniani ;$v3.$0(OLS)http://semarc/title/10818 850 $aSeMil 852 $aSeMil$W1$xVenegono$y1$m2VV VI 3$j269188$B174376$CSeMilBibl$Z2$F184492 $81 996 $6245$aDanel :$b"il patriarca sapiente" nella Bibbia, nella tradizione, nella leggenda$9(OLS)http://semarc/title/321166 996 $6260$aRomae :$bapud Pontificium Athenaeum Antonianum$9(OLS)http://semarc/publisher/42684